| 000 | 01024nam a2200289Ia 4500 | ||
|---|---|---|---|
| 003 | OSt | ||
| 005 | 20220930091207.0 | ||
| 006 | a|||||r|||| 00| 0 | ||
| 007 | ta | ||
| 008 | 220926b |||||||| |||| 00| 0 eng d | ||
| 024 | _a4792 | ||
| 037 | _cTheses | ||
| 040 |
_aCRL _cCRL _beng |
||
| 041 |
_2eng _aeng |
||
| 100 |
_aJain Amita Au. _9545061 |
||
| 110 | _aUniversity of Delhi. Faculty of Medical Sciences. Department of Pathology | ||
| 245 | 0 | _aVascular endothelial growth factor expression and its correlation with angiogenesis in chronic myeloproliferative neoplasms | |
| 260 | _c2012 | ||
| 300 |
_a103 _ap. _ccm. |
||
| 650 |
_aPATHOLOGY _9174058 |
||
| 700 |
_a Dr. Naresh Gupta Gu. _9536080 |
||
| 700 |
_a Dr. Nita Khurana Gu. _9535910 |
||
| 700 |
_a Dr. Tejinder Singh Gu. _9534273 |
||
| 700 | _aUniversity of Delhi. Faculty of Medical Sciences. Department of Pathology | ||
| 942 |
_cDIS _2CC |
||
| 999 |
_c881779 _d881779 |
||